000 00532nam a22001697a 4500
003 BD-ChCU
005 20260125124117.0
008 260125b bg ||||| |||| 00| 0 ben d
040 _cBD-ChCU
082 _a331.1 SWF
100 _aSwianiewicz, S.
_919625
245 _aForced labour and economic development :
_ban enquiry into the experience of Soviet industrialization.
_cSwianiewicz. S.
260 _aLondon
_bO. U. P.
_c1965
300 _aix, 321p
650 0 _aLabour and Labouring Class Russia.
_919626
942 _2ddc
_cBK
_n0
999 _c111245
_d111245